000 00516nam a2200181 a 4500
001 000010921
005 20240412074221.0
008 091013s1972 dr 000 p spa d
040 _aDO-SdBNP
_bspa
_cBNPHU
082 _aRD861.44
_bW373e
100 1 _aWeber, Delia
_926337
245 1 0 _aEstancia /
_cDelia Weber.
260 _aSanto Domingo :
_bCaribe,
_c1972.
300 _a50 p. :
_b20 cm.
650 0 _aPoesía dominicana
_966
650 0 _aLiteratura dominicana.
_967
910 _aValidado. Control de calidad MFF
999 _c10659
_d10659